Rastová stimulácia hydiny na báze probiotík (monografia)

Podrobná bibliografia
Hlavný autor: Chmelničná, Ľudmila, 1943- (Autor)
Médium: Kniha
Jazyk:slovenčina
Fyzický popis:69 s. grafy, tab. 21 cm
Vydavateľské údaje: V Nitre Slovenská poľnohospodárska univerzita 2000
ISBN:8071377635
Predmet:

MARC

LEADER 00000nam a2200000 a 4500
001 vtls001417701
003 SK-MaSNL
005 20260301012706.0
008 251117s2000 xo ap r yy slo
015 |a SNBA2001/10-03390 
020 |a 8071377635 
035 |a SNK000372487 
035 |a urn:nbn:sk:snk-amkn57 
035 |a urn:nbn:sk:snk-am003bo9 
035 |a 0362AB82-4858-4FD5-BBBD-1619C055718F 
040 |a SNK  |b slo  |c SNK  |e AACR2 
041 0 |a slo 
044 |a xo  |c SK 
080 |a 636.5:636.087.8  |2 1981 
080 |a 636.087.8  |2 1981 
100 1 |a Chmelničná, Ľudmila,  |d 1943-  |4 aut  |9 108339 
245 1 0 |a Rastová stimulácia hydiny na báze probiotík  |b (monografia)  |c Ludmila Chmelničná 
260 |a V Nitre  |b Slovenská poľnohospodárska univerzita  |c 2000 
300 |a 69 s.  |b grafy, tab.  |c 21 cm 
500 |a 150 výt. 
504 |a Bibliogr. s. 57-69 
650 0 7 |a hydina  |2 SNK  |9 2747 
655 7 |a príručky  |2 SNK  |9 74364 
752 |d Nitra 
919 |a 80-7137-763-5 
958 |a TL 
958 |a NB 
999 |c 554160  |d 556090 
952 |t P60, <03>, [BOOK], {603}  |a SNK  |b SNK  |y PREZ  |7 0  |p 17A0308929  |o snkSC 105549  |i snkKSP 8979/2001  |0 0  |1 0  |4 0  |d 2001-07-31  |f 1  |l 0  |r 2025-09-26 00:00:00  |w 2026-02-23 
952 |t P60, <04>, [BOOK], {604}  |a SNK  |b SNK  |y VYP  |7 0  |p 17A0308930  |o snkSC 105549 D1  |i snkKSP 8980/2001  |0 0  |1 0  |4 0  |d 2001-07-31  |l 0  |r 2005-01-02 00:00:00  |w 2026-02-23